U.S states by sunscreen use - Statistics

General Stats
  • This quiz has been taken 15 times
  • The average score is 14 of 20
Answer Stats
Hint Answer % Correct
2nd highest Texas
92%
2nd lowest Texas
92%
3rd lowest Alaska
85%
4th highest Arizona
85%
4th highest New Mexico
85%
Highest skin cancer rate Vermont
85%
5th highest Ohio
77%
5th highest Utah
77%
2nd lowest Alabama
69%
Highest sunscreen use Colorado
69%
3rd highest Iowa
69%
5th lowest Louisiana
69%
3rd highest South Carolina
69%
5th lowest Kansas
62%
Lowest skin cancer rate Massachusetts
62%
3rd lowest Minnesota
62%
2nd highest Minnesota
62%
Lowest sunscreen use North Dakota
62%
4th lowest South Dakota
62%
4th lowest Rhode Island
54%
No matching quizzes found
Score Distribution
Percent of People with Each Score
Percentile by Number Answered
Your Score History
You have not taken this quiz